000 00670nam a2200229Ia 4500
003 OSt
005 20221007080625.0
006 a|||||r|||| 00| 0
007 ta
008 221006b |||||||| |||| 00| 0 eng d
024 _a27,153
037 _cReports / Technical Reports
040 _aFLL
_cFLL
_beng
041 _2eng
_aeng
082 _aZ41, K2
100 _aBlaustein Albert P. Ed.
245 0 _aFundamental legal documents of communist China
260 _aNew Jersey
_b Fred B. Rothman & Co. New
_c1962
300 _axxix,1-603p
_ccm.
942 _hZ41, K2
_cREP
_2CC
999 _c1160327
_d1160327